[Event "Bangalore op 1st"]
[Site "Bangalore"]
[Date "2024.01.19"]
[Round "2"]
[White "Doshi, Moksh Amitbhai"]
[Black "Matta, Vinay Kumar"]
[Result "1-0"]
[WhiteElo "2355"]
[BlackElo "2132"]
[PlyCount "73"]
[EventDate "2024.01.18"]
[EventType "swiss"]
[EventRounds "10"]
[EventCountry "IND"]
[SourceTitle "CB05_2024"]
[SourceDate "2024.01.31"]
[SourceVersion "1"]
[SourceVersionDate "2024.01.31"]
[SourceQuality "1"]

1. d4 Nf6 2. c4 g6 3. g3 Bg7 4. Bg2 0-0 5. Nc3 a6 6. h3 Nc6 7. Nf3 d6 8. e4 e5 9. Be3 exd4 10. Nxd4 Ne5 11. b3 Re8 12. 0-0 c6 13. Qc2 Rb8 14. Rad1 Qe7 15. f4 Ned7 16. Rfe1 c5 17. Nf3 b5 18. Bf2 Bb7 19. Nd5 Bxd5 20. cxd5 Nb6 21. b4 cxb4 22. Nd4 Na4 23. Nc6 Qc7 24. e5 Nh5 25. Qb3 Nc3 26. Rd2 a5 27. a3 Rbc8 28. axb4 axb4 29. Qxb4 dxe5 30. d6 Qd7 31. Qxc3 e4 32. Ne7+ Kh8 33. Qe3 Rc4 34. Bf1 Ra4 35. Qc5 Rb8 36. Qc7 Qd8 37. Nc6 1-0

[Event "Indore op 2nd"]
[Site "Indore"]
[Date "2024.01.10"]
[Round "2"]
[White "Glek, Igor Vladimirovich"]
[Black "Matta, Vinay Kumar"]
[Result "1-0"]
[WhiteElo "2423"]
[BlackElo "2132"]
[PlyCount "65"]
[EventDate "2024.01.09"]
[EventType "swiss"]
[EventRounds "10"]
[EventCountry "IND"]
[SourceTitle "CB03_2024"]
[SourceDate "2024.01.17"]
[SourceVersion "1"]
[SourceVersionDate "2024.01.17"]
[SourceQuality "1"]

1. e4 e5 2. Nf3 Nc6 3. Bb5 a6 4. Ba4 Nf6 5. Nc3 Bb4 6. Nd5 Bc5 7. c3 b5 8. Bc2 h6 9. d4 exd4 10. cxd4 Ba7 11. Nxf6+ Qxf6 12. e5 Qe7 13. 0-0 d5 14. exd6 Qxd6 15. Re1+ Ne7 16. Be4 Rb8 17. Ne5 0-0 18. Bf4 Qf6 19. Nd3 Bb6 20. Rc1 Qxd4 21. Be5 Qd8 22. Qh5 f5 23. Bf3 Qxd3 24. Bxg7 Rf7 25. Bxh6 Bb7 26. Bxb7 Rxb7 27. Rcd1 Bxf2+ 28. Kxf2 Qc2+ 29. Rd2 Qc5+ 30. Be3 Qc6 31. Rd8+ Rf8 32. Bd4 Ng6 33. Qh6 1-0

[Event "Chennai op 14th"]
[Site "Chennai"]
[Date "2024.01.07"]
[Round "10"]
[White "Khusenkhojaev, Muhammad"]
[Black "Matta, Vinay Kumar"]
[Result "1/2-1/2"]
[WhiteElo "2366"]
[BlackElo "2146"]
[PlyCount "107"]
[EventDate "2023.12.31"]
[EventType "swiss"]
[EventRounds "10"]
[EventCountry "IND"]
[SourceTitle "CB02_2024"]
[SourceDate "2024.01.10"]
[SourceVersion "1"]
[SourceVersionDate "2024.01.10"]
[SourceQuality "1"]

1. d4 Nf6 2. c4 g6 3. Nc3 Bg7 4. e4 d6 5. Be2 0-0 6. Be3 e5 7. d5 Na6 8. h4 Nc5 9. Qc2 a5 10. h5 Nxh5 11. Bxh5 gxh5 12. Rxh5 Qe8 13. Nge2 f5 14. Rh2 fxe4 15. Bxc5 dxc5 16. Ng3 Qg6 17. 0-0-0 Bh6+ 18. Kb1 Bf4 19. Qxe4 Qxe4+ 20. Ncxe4 Bxg3 21. Nxg3 Rxf2 22. Rdh1 Rf7 23. Rh5 Ra6 24. Rxe5 Rg6 25. Re8+ Rf8 26. Re3 Rf2 27. Kc1 Bd7 28. Ne4 Rfxg2 29. Nxc5 Bf5 30. Rf1 Rc2+ 31. Kd1 Rxb2 32. Re8+ Kg7 33. Re7+ Kf6 34. Re6+ Kg5 35. Rg1+ Kh6 36. Rgxg6+ hxg6 37. Re7 Rb4 38. Rxc7 Rxc4 39. d6 Rd4+ 40. Ke2 Rxd6 41. Nxb7 Rd5 42. Rc5 Rxc5 43. Nxc5 Kg5 44. a4 Kf4 45. Nb7 Be4 46. Nc5 Bd5 47. Kd3 Bc6 48. Kd4 Bxa4 49. Nxa4 g5 50. Nc5 Kf3 51. Nd3 Ke2 52. Ne5 a4 53. Kc3 Ke3 54. Nf7 1/2-1/2

[Event "Meghalaya op 1st"]
[Site "Shillong"]
[Date "2023.12.19"]
[Round "9"]
[White "Matta, Vinay Kumar"]
[Black "Daksh, Goyal"]
[Result "1/2-1/2"]
[WhiteElo "2146"]
[BlackElo "1814"]
[PlyCount "100"]
[EventDate "2023.12.13"]
[EventType "swiss"]
[EventRounds "10"]
[EventCountry "IND"]
[SourceTitle "CB52_2023"]
[SourceDate "2023.12.27"]
[SourceVersion "1"]
[SourceVersionDate "2023.12.27"]
[SourceQuality "1"]

1. e4 c6 2. d4 d5 3. exd5 cxd5 4. c4 Nf6 5. Nc3 Nc6 6. Bg5 Be6 7. Nf3 g6 8. c5 Bg7 9. Bb5 0-0 10. 0-0 Bg4 11. Bxc6 bxc6 12. h3 Bxf3 13. Qxf3 Qb8 14. Rab1 e5 15. Bxf6 e4 16. Qe3 Bxf6 17. b4 a6 18. a4 Qd8 19. b5 Bg5 20. f4 exf3 21. Qxf3 axb5 22. axb5 Ra3 23. Ra1 Rxa1 24. Rxa1 Re8 25. Ra7 Qf6 26. Qxf6 Bxf6 27. Ra4 Bh4 28. bxc6 Re1+ 29. Kh2 Re3 30. Ne2 Rxe2 31. c7 Re8 32. Rb4 Kg7 33. g3 Rc8 34. gxh4 Kf6 35. Kg3 Kf5 36. Kf3 Rxc7 37. Ke3 Re7+ 38. Kd3 Kf4 39. c6 Re3+ 40. Kd2 Re8 41. Rb7 Rc8 42. Rxf7+ Ke4 43. c7 Kxd4 44. Rxh7 Ke5 45. Kd3 Kd6 46. Rg7 Rxc7 47. Rxg6+ Ke5 48. Rg5+ Kf6 49. Rxd5 Kg6 50. Rg5+ Kh6 1/2-1/2

[Event "Meghalaya op 1st"]
[Site "Shillong"]
[Date "2023.12.16"]
[Round "6"]
[White "Chandar, Raju"]
[Black "Matta, Vinay Kumar"]
[Result "1/2-1/2"]
[WhiteElo "1901"]
[BlackElo "2146"]
[PlyCount "126"]
[EventDate "2023.12.13"]
[EventType "swiss"]
[EventRounds "10"]
[EventCountry "IND"]
[SourceTitle "CB52_2023"]
[SourceDate "2023.12.27"]
[SourceVersion "1"]
[SourceVersionDate "2023.12.27"]
[SourceQuality "1"]

1. d4 Nf6 2. c4 e6 3. Nf3 d5 4. Nc3 dxc4 5. Qa4+ c6 6. Qxc4 b5 7. Qd3 a6 8. e4 c5 9. e5 cxd4 10. Nxb5 axb5 11. exf6 Nc6 12. fxg7 Bxg7 13. Qe4 Bd7 14. Bg5 Qb6 15. Bd3 f5 16. Qe2 0-0 17. 0-0 e5 18. Bxb5 e4 19. Nh4 d3 20. Bc4+ Kh8 21. Qd2 Qxb2 22. Ng6+ hxg6 23. Qf4 Qe2 24. f3 Qe3+ 25. Qxe3 Bd4 26. Qxd4+ Nxd4 27. fxe4 fxe4 28. Bf6+ Rxf6 29. Rxf6 Bf5 30. Rd6 Nc2 31. Rc1 Rc8 32. Bb5 Rc5 33. a4 Kg7 34. h3 e3 35. Bxd3 Bxd3 36. Rxd3 e2 37. Kf2 Re5 38. Re1 Nxe1 39. Kxe1 Rg5 40. g3 Rh5 41. g4 Ra5 42. Ra3 Kf6 43. Kxe2 Kg5 44. Kd3 Kh4 45. g5 Kxh3 46. Kc4+ Kh4 47. Kb4 Ra8 48. a5 Kxg5 49. Kb5 Kf4 50. Ra4+ Kf3 51. Ra3+ Kf4 52. a6 g5 53. Kc6 g4 54. Kb7 Rh8 55. Ra4+ Kf3 56. Ra3+ Kf2 57. Ra2+ Kf3 58. a7 g3 59. Ra3+ Kf2 60. Ra2+ Kf3 61. Ra3+ Kf2 62. Ra2+ Kf3 63. Rc2 g2 1/2-1/2

[Event "Skalica op-A"]
[Site "Skalica"]
[Date "2023.08.25"]
[Round "7"]
[White "Janik, Marek Tobias"]
[Black "Matta, Vinay Kumar"]
[Result "1/2-1/2"]
[WhiteElo "1944"]
[BlackElo "2144"]
[PlyCount "28"]
[EventDate "2023.08.19"]
[EventType "swiss"]
[EventRounds "9"]
[EventCountry "SVK"]
[SourceTitle "CBM 215 Extra"]
[Source "ChessBase"]
[SourceDate "2023.09.30"]
[SourceVersion "1"]
[SourceVersionDate "2023.09.30"]
[SourceQuality "1"]

1. e4 e5 2. Nf3 Nc6 3. Nc3 Nf6 4. Bb5 Nd4 5. Nxd4 exd4 6. e5 dxc3 7. exf6 Qxf6 8. dxc3 Bc5 9. Qe2+ Qe6 10. Bf4 c6 11. Bd3 d5 12. f3 0-0 13. 0-0-0 Qxe2 14. Bxe2 Re8 1/2-1/2

[Event "Skalica op-A"]
[Site "Skalica"]
[Date "2023.08.24"]
[Round "6"]
[White "Matta, Vinay Kumar"]
[Black "Ocelak, Jakub"]
[Result "1/2-1/2"]
[WhiteElo "2144"]
[BlackElo "2272"]
[PlyCount "47"]
[EventDate "2023.08.19"]
[EventType "swiss"]
[EventRounds "9"]
[EventCountry "SVK"]
[SourceTitle "CBM 215 Extra"]
[Source "ChessBase"]
[SourceDate "2023.09.30"]
[SourceVersion "1"]
[SourceVersionDate "2023.09.30"]
[SourceQuality "1"]

1. e4 e6 2. d4 d5 3. e5 c5 4. c3 Nc6 5. Nf3 Bd7 6. Bd3 cxd4 7. 0-0 dxc3 8. bxc3 Nge7 9. Bf4 Ng6 10. Bg3 f5 11. exf6 Qxf6 12. Re1 Be7 13. Nbd2 0-0 14. Rb1 b6 15. c4 Rae8 16. cxd5 exd5 17. Qb3 Qf7 18. Nc4 Kh8 19. Bxg6 Qxg6 20. Nce5 Nxe5 21. Nxe5 Qf6 22. Qxd5 Bc8 23. Rb2 Be6 24. Qb7 1/2-1/2

[Event "Skalica op-A"]
[Site "Skalica"]
[Date "2023.08.22"]
[Round "4"]
[White "Matta, Vinay Kumar"]
[Black "Durovka, Marek"]
[Result "1-0"]
[WhiteElo "2144"]
[BlackElo "1960"]
[PlyCount "75"]
[EventDate "2023.08.19"]
[EventType "swiss"]
[EventRounds "9"]
[EventCountry "SVK"]
[SourceTitle "CBM 215 Extra"]
[Source "ChessBase"]
[SourceDate "2023.09.30"]
[SourceVersion "1"]
[SourceVersionDate "2023.09.30"]
[SourceQuality "1"]

1. e4 e6 2. Nc3 c5 3. Nf3 Nc6 4. d4 cxd4 5. Nxd4 Nf6 6. Ndb5 Bb4 7. a3 Bxc3+ 8. Nxc3 d5 9. exd5 exd5 10. Bd3 0-0 11. 0-0 d4 12. Ne2 Bg4 13. f3 Bh5 14. Bg5 Bg6 15. Qd2 Qd6 16. Rad1 Rfd8 17. Qf4 Nh5 18. Qxd6 Rxd6 19. g4 Nf6 20. Bxf6 gxf6 21. f4 Bxd3 22. Rxd3 Re8 23. Ng3 Re3 24. Rfd1 Rde6 25. Kf2 Rxd3 26. Rxd3 Rd6 27. Nf5 Rd5 28. c4 Rd7 29. b4 a6 30. Kf3 Rd8 31. c5 Kf8 32. Ke4 Re8+ 33. Kd5 Re2 34. Kd6 Nd8 35. Nxd4 Rxh2 36. Kc7 Ne6+ 37. Nxe6+ fxe6 38. Kxb7 1-0

[Event "Skalica op-A"]
[Site "Skalica"]
[Date "2023.08.20"]
[Round "2"]
[White "Tesar, Jakub"]
[Black "Matta, Vinay Kumar"]
[Result "0-1"]
[WhiteElo "1991"]
[BlackElo "2144"]
[PlyCount "102"]
[EventDate "2023.08.19"]
[EventType "swiss"]
[EventRounds "9"]
[EventCountry "SVK"]
[SourceTitle "CBM 215 Extra"]
[Source "ChessBase"]
[SourceDate "2023.09.30"]
[SourceVersion "1"]
[SourceVersionDate "2023.09.30"]
[SourceQuality "1"]

1. e4 e5 2. Nf3 Nc6 3. Nc3 Nf6 4. Bb5 Bd6 5. 0-0 a6 6. Bxc6 dxc6 7. h3 c5 8. d3 h6 9. Nh2 g5 10. Nd5 c6 11. Nxf6+ Qxf6 12. Qh5 Be6 13. Be3 0-0-0 14. Rad1 Qg7 15. c3 f5 16. exf5 Bxf5 17. Rd2 Rd7 18. Rfd1 Rhd8 19. Nf1 Bf8 20. Qf3 Qg6 21. d4 cxd4 22. cxd4 Bb4 23. dxe5 Bxd2 24. Rxd2 Rxd2 25. Nxd2 Be6 26. Bb6 Bd5 27. Qg4+ Rd7 28. Nf3 Qb1+ 29. Kh2 Qxb2 30. e6 Re7 31. Bc5 Bxf3 32. Qf5 Re8 33. e7+ Kc7 34. gxf3 Rxe7 35. Bxe7 Qxf2+ 36. Kh1 Qe1+ 37. Kg2 Qxe7 38. Qd3 b5 39. Qd2 Kb6 40. Qd3 h5 41. Qd4+ c5 42. Qd3 h4 43. Qg6+ Ka5 44. Qd3 Kb6 45. Qg6+ Kb7 46. Qd3 Kc7 47. Qd2 Qe5 48. Kf1 Qf4 49. Qf2 Kc6 50. Ke2 Qc1 51. Kd3 Qc4+ 0-1

[Event "Arandjelovac op 2nd"]
[Site "Arandjelovac"]
[Date "2023.08.04"]
[Round "7"]
[White "Matta, Vinay Kumar"]
[Black "Kuruz, Yusuf"]
[Result "1-0"]
[WhiteElo "2144"]
[BlackElo "1870"]
[PlyCount "52"]
[EventDate "2023.07.31"]
[EventType "swiss"]
[EventRounds "9"]
[EventCountry "SRB"]
[SourceTitle "CBM 215 Extra"]
[Source "ChessBase"]
[SourceDate "2023.09.30"]
[SourceVersion "1"]
[SourceVersionDate "2023.09.30"]
[SourceQuality "1"]

1. e4 c5 2. Nf3 g6 3. d4 cxd4 4. Nxd4 Bg7 5. c4 Nc6 6. Be3 Nf6 7. Nc3 Ng4 8. Qxg4 Nxd4 9. Qd1 Ne6 10. Qd2 b6 11. Bd3 Bb7 12. 0-0 0-0 13. Rac1 Nd4 14. f4 f5 15. e5 Ne6 16. Be2 d6 17. exd6 Qxd6 18. Qxd6 exd6 19. Rfd1 Rfd8 20. b4 g5 21. fxg5 f4 22. Bg4 fxe3 23. Bxe6+ Kh8 24. Bd5 Rab8 25. Bxb7 Rxb7 26. Ne2 Kg8 1-0

[Event "Arandjelovac op 2nd"]
[Site "Arandjelovac"]
[Date "2023.07.31"]
[Round "1"]
[White "Rohit, Krishna S"]
[Black "Matta, Vinay Kumar"]
[Result "0-1"]
[WhiteElo "2423"]
[BlackElo "2144"]
[PlyCount "73"]
[EventDate "2023.07.31"]
[EventType "swiss"]
[EventRounds "9"]
[EventCountry "SRB"]
[SourceTitle "CBM 215 Extra"]
[Source "ChessBase"]
[SourceDate "2023.09.30"]
[SourceVersion "1"]
[SourceVersionDate "2023.09.30"]
[SourceQuality "1"]

1. d4 Nf6 2. c4 g6 3. Nf3 Bg7 4. g3 0-0 5. Bg2 Nc6 6. 0-0 d6 7. d5 Na5 8. Nfd2 c5 9. Nc3 a6 10. Qc2 Rb8 11. Rb1 b5 12. b3 bxc4 13. bxc4 Rxb1 14. Ncxb1 e6 15. Bb2 exd5 16. cxd5 Re8 17. e4 Bd7 18. Na3 Qc7 19. Bc3 Nh5 20. Rb1 f5 21. f4 fxe4 22. Bxg7 Nxg7 23. Nxe4 Nh5 24. Nc4 Nxc4 25. Qxc4 Bb5 26. Qc3 Bd7 27. Nf2 Bf5 28. Rd1 Qe7 29. Bf1 Bc8 30. Rd2 Qe1 31. Qb2 Nf6 32. Rd1 Qe7 33. h3 Nh5 34. Rd3 g5 35. fxg5 Qxg5 36. Qc3 Bd7 37. Rf3 0-1

[Event "Biel HTO 56th"]
[Site "Biel"]
[Date "2023.07.25"]
[Round "8"]
[White "Urh, Zala"]
[Black "Matta, Vinay Kumar"]
[Result "1/2-1/2"]
[WhiteElo "2231"]
[BlackElo "2111"]
[PlyCount "56"]
[EventDate "2023.07.17"]
[EventType "swiss"]
[EventRounds "10"]
[EventCountry "SUI"]
[SourceTitle "CBM 215 Extra"]
[Source "ChessBase"]
[SourceDate "2023.09.30"]
[SourceVersion "1"]
[SourceVersionDate "2023.09.30"]
[SourceQuality "1"]

1. d4 Nf6 2. c4 g6 3. g3 Bg7 4. Bg2 0-0 5. Nc3 a6 6. Nf3 d5 7. cxd5 Nxd5 8. 0-0 Nxc3 9. bxc3 c5 10. dxc5 Qa5 11. Be3 Bxc3 12. Rb1 Nc6 13. Qb3 Be6 14. Qxb7 Bd5 15. Nd4 Bxg2 16. Nxc6 Bxc6 17. Qxc6 Qxa2 18. Rb7 Bf6 19. Qb6 a5 20. c6 Qe6 21. c7 Qxb6 22. Bxb6 a4 23. Rd1 a3 24. Rd8 a2 25. Rxa8 Rxa8 26. Rb8+ Rxb8 27. cxb8Q+ Kg7 28. Qa7 a1Q+ 1/2-1/2

[Event "Biel HTO 56th"]
[Site "Biel"]
[Date "2023.07.23"]
[Round "6"]
[White "Jaksland, Tim"]
[Black "Matta, Vinay Kumar"]
[Result "1/2-1/2"]
[WhiteElo "2136"]
[BlackElo "2111"]
[PlyCount "55"]
[EventDate "2023.07.17"]
[EventType "swiss"]
[EventRounds "10"]
[EventCountry "SUI"]
[SourceTitle "CBM 215 Extra"]
[Source "ChessBase"]
[SourceDate "2023.09.30"]
[SourceVersion "1"]
[SourceVersionDate "2023.09.30"]
[SourceQuality "1"]

1. e4 e5 2. Nf3 Nc6 3. d4 exd4 4. Nxd4 Qf6 5. Nxc6 Bc5 6. Qf3 dxc6 7. Nc3 Be6 8. Be3 Bb4 9. 0-0-0 Bxc3 10. bxc3 Qxc3 11. Bd4 Qxf3 12. gxf3 f6 13. Rg1 Kf7 14. f4 g6 15. f5 gxf5 16. exf5 Bd5 17. Be2 b6 18. Be3 Ke8 19. Bh5+ Bf7 20. Bf3 Ne7 21. Rge1 Rd8 22. Rxd8+ Kxd8 23. Bd4 Re8 24. Bxf6 Kd7 25. Bxe7 Rxe7 26. Bxc6+ Kd6 27. Rxe7 Kxe7 28. a3 1/2-1/2

[Event "Arandjelovac ASK-9 GM"]
[Site "Arandjelovac"]
[Date "2022.02.23"]
[Round "4"]
[White "Stefansson, Vignir Vatnar"]
[Black "Matta, Vinay Kumar"]
[Result "1/2-1/2"]
[WhiteElo "2484"]
[BlackElo "2305"]
[PlyCount "100"]
[EventDate "2022.02.21"]
[EventType "tourn"]
[EventRounds "9"]
[EventCountry "SRB"]
[EventCategory "7"]
[SourceTitle "CBM 207 Extra"]
[Source "ChessBase"]
[SourceDate "2022.05.31"]
[SourceVersion "1"]
[SourceVersionDate "2022.05.31"]
[SourceQuality "1"]

1. d4 Nf6 2. g3 c5 3. dxc5 e6 4. Bg2 Bxc5 5. c4 d5 6. cxd5 exd5 7. Nf3 0-0 8. 0-0 Nc6 9. a3 a6 10. b4 Ba7 11. Bb2 Re8 12. Nbd2 Bg4 13. Nb3 Ne4 14. Nfd4 Nxd4 15. Nxd4 Nf6 16. Re1 Rc8 17. Qd3 Qd7 18. e3 Bh3 19. Rac1 Bxg2 20. Kxg2 Ne4 21. Nf3 Qh3+ 22. Kg1 Qf5 23. Qe2 Rxc1 24. Rxc1 Rc8 25. Rxc8+ Qxc8 26. Kg2 Qc4 27. Qd1 f6 28. Qa4 b5 29. Qa5 h5 30. Qd8+ Kh7 31. Qe8 Bxe3 32. Qxh5+ Bh6 33. Nh4 Nd6 34. Qg6+ Kg8 35. Bxf6 Qe4+ 36. Qxe4 dxe4 37. Be7 Nc4 38. Nf5 Bc1 39. Nd4 Bxa3 40. Nc2 Bc1 41. Bc5 Kf7 42. h4 g5 43. Kh3 gxh4 44. Kxh4 Kg6 45. g4 Bf4 46. Kh3 a5 47. bxa5 Nxa5 48. Nd4 Nb7 49. Ba3 Nd6 50. Bb4 Be5 1/2-1/2

[Event "Arandjelovac ASK-8 GM"]
[Site "Arandjelovac"]
[Date "2022.02.15"]
[Round "3"]
[White "Petkov, Momchil"]
[Black "Matta, Vinay Kumar"]
[Result "1-0"]
[WhiteElo "2457"]
[BlackElo "2305"]
[PlyCount "91"]
[EventDate "2022.02.14"]
[EventType "tourn"]
[EventRounds "9"]
[EventCountry "SRB"]
[EventCategory "7"]
[SourceTitle "CBM 206 Extra"]
[Source "ChessBase"]
[SourceDate "2022.03.31"]
[SourceVersion "1"]
[SourceVersionDate "2022.03.31"]
[SourceQuality "1"]

1. d4 Nf6 2. c4 g6 3. Nc3 Bg7 4. e4 d6 5. Be2 0-0 6. Be3 e5 7. d5 Na6 8. h4 Nc5 9. Qc2 c6 10. Bxc5 dxc5 11. h5 cxd5 12. h6 Bh8 13. cxd5 Ne8 14. Nf3 Nd6 15. Nd2 a6 16. a4 Bd7 17. a5 Nb5 18. Nxb5 axb5 19. Qxc5 b6 20. Qd6 bxa5 21. 0-0 Bf6 22. Nb3 Be8 23. Qxd8 Bxd8 24. Nc5 Be7 25. b4 a4 26. f4 exf4 27. e5 Bg5 28. Bf3 Bxh6 29. d6 Ra7 30. Rfd1 Bd7 31. Nxd7 Rxd7 32. Bc6 Ra7 33. Bxb5 Rb7 34. Bxa4 Rxb4 35. Bc6 Bg5 36. Kf1 Bd8 37. Ra7 Bb6 38. Rb7 Ba5 39. Re7 Bd8 40. Rd7 Bb6 41. Bd5 Rd4 42. Rxd4 Bxd4 43. Re7 g5 44. d7 Bb6 45. Bxf7+ Rxf7 46. Re8+ 1-0

[Event "Arandjelovac ASK-8 GM"]
[Site "Arandjelovac"]
[Date "2022.02.14"]
[Round "1"]
[White "Kardashevskiy, Evgeny"]
[Black "Matta, Vinay Kumar"]
[Result "1-0"]
[WhiteElo "2443"]
[BlackElo "2305"]
[PlyCount "73"]
[EventDate "2022.02.14"]
[EventType "tourn"]
[EventRounds "9"]
[EventCountry "SRB"]
[EventCategory "7"]
[SourceTitle "CBM 206 Extra"]
[Source "ChessBase"]
[SourceDate "2022.03.31"]
[SourceVersion "1"]
[SourceVersionDate "2022.03.31"]
[SourceQuality "1"]

1. d4 Nf6 2. c4 g6 3. Nf3 Bg7 4. g3 0-0 5. Bg2 d6 6. 0-0 c5 7. dxc5 dxc5 8. Ne5 Qd4 9. Qxd4 cxd4 10. Na3 Nfd7 11. Nd3 Nc6 12. Bd2 Nde5 13. Nf4 Rd8 14. Rad1 e6 15. c5 Bf8 16. Rc1 d3 17. exd3 Nd4 18. Ba5 Rd7 19. Nc4 Nec6 20. b4 g5 21. Nh5 Ne2+ 22. Kh1 Nxc1 23. Nf6+ Kg7 24. Nxd7 Nxd3 25. Nxf8 Kxf8 26. a3 Nxa5 27. Nxa5 Rb8 28. Be4 Ne5 29. f4 gxf4 30. gxf4 b6 31. fxe5 bxa5 32. Rb1 h6 33. b5 Ke7 34. b6 Bb7 35. c6 Bxc6 36. Bxc6 axb6 37. a4 1-0

[Event "Arandjelovac ASK-7 GM"]
[Site "Arandjelovac"]
[Date "2022.02.11"]
[Round "7"]
[White "Damljanovic, Branko"]
[Black "Matta, Vinay Kumar"]
[Result "1/2-1/2"]
[WhiteElo "2464"]
[BlackElo "2305"]
[PlyCount "94"]
[EventDate "2022.02.07"]
[EventType "tourn"]
[EventRounds "9"]
[EventCountry "SRB"]
[EventCategory "6"]
[SourceTitle "CBM 206 Extra"]
[Source "ChessBase"]
[SourceDate "2022.03.31"]
[SourceVersion "1"]
[SourceVersionDate "2022.03.31"]
[SourceQuality "1"]

1. Nf3 Nf6 2. c4 g6 3. Nc3 Bg7 4. e4 d6 5. d4 0-0 6. h3 e5 7. d5 Na6 8. Bg5 h6 9. Be3 Nc5 10. Nd2 a5 11. a3 Nfd7 12. g4 a4 13. Rg1 c6 14. Qc2 cxd5 15. cxd5 Kh8 16. Nb5 Qe7 17. Be2 b6 18. Nc3 Ba6 19. Bxa6 Rxa6 20. Na2 Raa8 21. Nb4 Rfc8 22. Nc6 Qe8 23. Bxc5 Nxc5 24. Rg3 Bf6 25. Nc4 Rxc6 26. dxc6 Qxc6 27. Rd1 Nxe4 28. Re3 d5 29. Rxe4 dxe4 30. Rd6 Qc5 31. Rxf6 Rc8 32. Qxe4 Qxc4 33. Qxc4 Rxc4 34. Rxb6 Kg7 35. Kd2 Rf4 36. Ke3 Rc4 37. f3 f5 38. Re6 Rc2 39. gxf5 gxf5 40. Rxe5 Rxb2 41. Kd4 Kf6 42. Ra5 Rb3 43. f4 Rxa3 44. Ra6+ Kg7 45. Ke5 Rxh3 46. Rxa4 Re3+ 47. Kxf5 Re7 1/2-1/2

[Event "Arandjelovac ASK-7 GM"]
[Site "Arandjelovac"]
[Date "2022.02.08"]
[Round "2"]
[White "Matta, Vinay Kumar"]
[Black "Sukovic, Andrej"]
[Result "1/2-1/2"]
[WhiteElo "2305"]
[BlackElo "2311"]
[PlyCount "111"]
[EventDate "2022.02.07"]
[EventType "tourn"]
[EventRounds "9"]
[EventCountry "SRB"]
[EventCategory "6"]
[SourceTitle "CBM 206 Extra"]
[Source "ChessBase"]
[SourceDate "2022.03.31"]
[SourceVersion "1"]
[SourceVersionDate "2022.03.31"]
[SourceQuality "1"]

1. d4 Nf6 2. c4 g6 3. Nc3 Bg7 4. e4 d6 5. Nf3 0-0 6. Be2 e5 7. Be3 Ng4 8. Bg5 f6 9. Bc1 Nc6 10. d5 Ne7 11. 0-0 Kh8 12. Ne1 f5 13. Nd3 Nf6 14. exf5 gxf5 15. f4 e4 16. Nf2 c5 17. dxc6 bxc6 18. Be3 Be6 19. Qa4 Qb8 20. Qa3 a5 21. Rad1 Rd8 22. Na4 Qb4 23. Qxb4 axb4 24. b3 c5 25. Rd2 Nc6 26. Rfd1 Ne8 27. Nh1 Bd4 28. Kf2 Nf6 29. h3 Rg8 30. Bxd4 cxd4 31. Rxd4 Nxd4 32. Rxd4 d5 33. c5 Rgb8 34. Ng3 Ra5 35. Nf1 Bd7 36. Bd1 Bxa4 37. bxa4 Rxc5 38. Ne3 Rc3 39. Nxf5 Rc4 40. Bb3 Rxd4 41. Nxd4 h5 42. a5 Ra8 43. Nc6 Ra6 44. Ba4 d4 45. Bb5 Ra8 46. a6 Nd5 47. Nxd4 Nc7 48. Bc4 Nxa6 49. g4 h4 50. Ne6 Nc5 51. g5 Nxe6 52. Bxe6 Ra6 53. f5 Ra5 54. Ke3 Re5 55. Bd7 Kg7 56. Bc8 1/2-1/2

[Event "Arandjelovac ASK-7 GM"]
[Site "Arandjelovac"]
[Date "2022.02.07"]
[Round "1"]
[White "Matta, Vinay Kumar"]
[Black "Kardashevskiy, Evgeny"]
[Result "1/2-1/2"]
[WhiteElo "2305"]
[BlackElo "2443"]
[PlyCount "84"]
[EventDate "2022.02.07"]
[EventType "tourn"]
[EventRounds "9"]
[EventCountry "SRB"]
[EventCategory "6"]
[SourceTitle "CBM 206 Extra"]
[Source "ChessBase"]
[SourceDate "2022.03.31"]
[SourceVersion "1"]
[SourceVersionDate "2022.03.31"]
[SourceQuality "1"]

1. e4 c6 2. d4 d5 3. Nc3 dxe4 4. Nxe4 Nf6 5. Nxf6+ exf6 6. c3 Bd6 7. Bd3 Na6 8. Ne2 Nc7 9. 0-0 0-0 10. Qc2 g6 11. Bf4 Re8 12. Qd2 Nd5 13. Bxd6 Qxd6 14. Rfe1 f5 15. Bc4 Be6 16. Bxd5 Bxd5 17. b3 f6 18. Nf4 Bf7 19. Nd3 g5 20. Rxe8+ Rxe8 21. Re1 Rd8 22. Qe3 b6 23. Qe7 c5 24. Qxa7 cxd4 25. c4 f4 26. c5 bxc5 27. Qxc5 Qa6 28. Nb4 Qa3 29. Qb6 Re8 30. Rd1 d3 31. Qb5 Rd8 32. Nc6 Re8 33. Qxd3 Qxa2 34. b4 Bc4 35. Qc3 Qe2 36. Rc1 Bd5 37. Nd4 Qe4 38. Nf3 Qf5 39. h3 Bb7 40. Qb3+ Qd5 41. Qxd5+ Bxd5 42. Nd4 Kf7 1/2-1/2

[Event "Arandjelovac ASK-6 GM"]
[Site "Arandjelovac"]
[Date "2022.01.31"]
[Round "1"]
[White "Matta, Vinay Kumar"]
[Black "Djokic, Mihailo"]
[Result "1-0"]
[WhiteElo "2305"]
[BlackElo "2279"]
[PlyCount "114"]
[EventDate "2022.01.31"]
[EventType "tourn"]
[EventRounds "9"]
[EventCountry "SRB"]
[EventCategory "6"]
[SourceTitle "CBM 206 Extra"]
[Source "ChessBase"]
[SourceDate "2022.03.31"]
[SourceVersion "1"]
[SourceVersionDate "2022.03.31"]
[SourceQuality "1"]

1. e4 c5 2. Nf3 d6 3. d4 cxd4 4. Nxd4 Nf6 5. Nc3 g6 6. Be3 Bg7 7. f3 0-0 8. Qd2 Nc6 9. 0-0-0 Bd7 10. g4 Rc8 11. Kb1 Ne5 12. Be2 h5 13. gxh5 Nxh5 14. Rhg1 Nc4 15. Bxc4 Rxc4 16. h4 b5 17. b3 Rc5 18. Nd5 e6 19. Nf4 Nxf4 20. Bxf4 e5 21. Bg5 Qc7 22. Ne2 Rc8 23. Rc1 d5 24. h5 dxe4 25. fxe4 Rc6 26. hxg6 Rxg6 27. Ng3 Qd6 28. Qe3 f6 29. Bh4 Qc5 30. Qd3 Bg4 31. Rg2 Qd4 32. Qxb5 Bh6 33. Rh1 Bf3 34. Nf5 Bxg2 35. Nxd4 Bxh1 36. Qd5+ Kh8 37. Ne2 Rf8 38. Ng3 Bf3 39. Qd3 Bg4 40. a4 Bg5 41. Qd6 Kg7 42. Nf5+ Bxf5 43. exf5 Rh6 44. Bxg5 fxg5 45. Qe7+ Rf7 46. Qxg5+ Kh7 47. f6 Rhxf6 48. Qxe5 Rf5 49. Qe4 a5 50. Kb2 Kg7 51. Ka3 R7f6 52. b4 Rf3+ 53. Ka2 R3f4 54. Qe7+ Kh6 55. bxa5 Ra6 56. Qe3 Kg5 57. Qe7+ Kh6 1-0